000 00440nam a2200181Ia 4500
008 230524s9999 xx 000 0 und d
020 _a8121920940
082 _a621.381
_bBAG
100 _aM.K.Bagde
245 0 _aElements of Electronics
250 _a5TH
260 _aNEW DELHI
_bS.Chand
_c2002
300 _a354
500 _aQuantity Number: 2
650 _aElectronics
700 _a" S.P.Singh , Kamal Singh,,,"
942 _cBK
999 _c10364
_d10364